000 00512nam a22001817a 4500
003 OSt
005 20251215030903.0
008 251215b |||||||| |||| 00| 0 eng d
020 _a 0-471-16183-7
040 _aDWCL-Admin lib
_cOC
082 _aGR. 361.1 G562w 1997
100 _aGolay, Michael
245 _a Where America stands 1997 /
_cMichael Golay
260 _aNew York :
_bJohn Wiley & Sons, inc.,
_cc1997.
300 _a xxii 266 p. ;
_c25 cm.
504 _ainclude index.
942 _2ddc
_cGR
_kGR.
_n0
999 _c7074
_d7074